000 00904nam a2200265Ia 4500
005 20220316235707.0
008 121119s2001 ck a gr 000 0 spa
020 _a9586532992
041 0 _aspa
082 0 4 _a346.2
_bC14f
_223 edición
100 1 _aCaldas, Tito Livio
245 1 0 _aFormación de parejas de amor
_bpacto civil de convivencia
_cTito Livio Caldas, colaboración de Enrique Viveros
250 _aPrimera edición
300 _a78 páginas
_bilustraciones
_c22 cm
650 1 4 _aDerecho de familia
_2LEMB
650 1 4 _aUnión de hecho
_xLegislación
_zColombia
_2LEMB
650 1 4 _aSeparación del patrimonio
_2LEMB
700 1 _aViveros, Enrique
_ecolaborador
_933316
942 _2ddc
_cBK
264 _aBogotá
_bLegis
_c2001
336 _atexto
_btxt
_2rdacontent
337 _asin mediación
_bn
_2rdamedia
338 _avolumen
_bnc
_2rdacarrier
040 _aCO-BoRNBP
_bspa
_erda
_cCO-BoRNBP
999 _c1842
_d1842